000 00481nam a2200205Ia 4500
008 150909s9999 xx 000 0 und d
041 _aEnglish
082 _a581
082 _bPRI/IN
100 _aPriti Shukla
100 _eAuthor
245 _aIntroduction to taxonomy of angiosperms
260 _aBangalore
260 _bVikas publishers
260 _c1979
300 _a581 Pages
365 _aRs.16.38
650 _aTaxonomic botany
942 _cBK
999 _c250912
_d250912